Justificación y práctica de la justicia /

Se presenta, desde el contexto histórico y eclesial centroamericano, una reflexión sobre la doctrina paulina de la justificación por la fé. Se profundiza en el sentido de la fé en el dios de la Biblia que establece la justicia y justifica al pecador, desde una ubicación histórica marcada por el escá...

Descripció completa

Guardat en:
Dades bibliogràfiques
Autor principal: Araya Guillén, Victorio
Format: Text
Matèries:
Etiquetes: Afegir etiqueta
Sense etiquetes, Sigues el primer a etiquetar aquest registre!

MARC

LEADER 00000 a a2200000 04500
001 11970
003
040
100 |a Araya Guillén, Victorio  
245 |a Justificación y práctica de la justicia /  |c Victorio Araya Guillén 
520 |a Se presenta, desde el contexto histórico y eclesial centroamericano, una reflexión sobre la doctrina paulina de la justificación por la fé. Se profundiza en el sentido de la fé en el dios de la Biblia que establece la justicia y justifica al pecador, desde una ubicación histórica marcada por el escándalo de la injusticia estructural anti-vida. Con el artículo se pretende contribuir a dar respuesta a la interrogante frecuente sobre la relación entre la justificación por la fé y la reflexión teológica 'desde el recurso de la historia' que asume la perspectiva del pobre. HBQ/mb  
650 |a CRISTIANISMO  
650 |a JUSTICIA SOCIAL  
650 |a RELIGION  
650 |a IDEOLOGIAS  
650 |a CREENCIA  
650 |a IGLESIA CATOLICA  
773 |g número 4; páginas 5-10  
999 |c 32941  |d 32941 
773 0 |0 41641  |9 2230  |a Departamento Ecuménico de Investigaciones (DEI)  |d San José, Costa Rica Departamento Ecuménico de Investigaciones (DEI)  |o 20022  |t Pasos /